|
|
|
|
| LEADER |
00000cam a2200000 ub4500 |
| 001 |
PL0067363 |
| 003 |
PLI01000000000000000065486 |
| 005 |
00000000000000.0 |
| 008 |
||| u |
| 020 |
|
|
|a 0-7923-3867-7
|
| 020 |
|
|
|a 9780792338673
|
| 090 |
|
|
|a 220.5-New/1
|
| 100 |
1 |
|
|a Huang, C.-T. James
|e [ed.]
|
| 245 |
0 |
0 |
|a New horizons in Chinese linguistics
|c ed. by C.-T. James Huang and LI, Y.-H. Audrey
|
| 260 |
|
|
|a Dordrecht
|b Kluwer
|c 1996
|
| 300 |
|
|
|a 392 p.
|
| 490 |
0 |
|
|a Studies in natural language and linguistic theory
|v 36
|
| 700 |
1 |
|
|a Li, Y.-H. Audrey
|e [ed.]
|
| 830 |
|
0 |
|w PL0000540
|
| 852 |
|
|
|c 220.5-New/1
|m BOOK
|
| 989 |
|
|
|a 98-16
|